No arquipélago das maravilhas... (Registo nº 2224)

Detalhes MARC
000 -Etiqueta do registo
Cabeçalho 00803nam a22002771 4500
005 - Identificador da versão
Campo de controlo 20240813121928.0
095 ## -
-- PTBN00869449
010 ## - Número internacional normalizado dos livros (ISBN)
Número (ISBN) 9728339054
021 ## - Número do Depósito Legal
Código do país PT
Número 108355/97
100 ## - Dados gerais de processamento
Dados gerais de processamento 19980304d1997 am a0pory5003 ba
102 ## - Pais de publicação ou produção
País de publicação Portugal
101 0# - Língua de publicação
Língua do texto, banda sonora, etc. Português
106 ## - Campo de dados codificados: material textual
Dados codificados do material textual r
105 ## - Campo de dados codificados: livros
Dados codificados dos livros y z 000aa
215 ## - Descrição física 
Indicação específica da natureza do documento e extensão da espécie 111 p.
Outras indicações físicas il.
Dimensões 25 cm
200 1# - Titulo e menção de responsabilidade
Título próprio No arquipélago das maravilhas...
Primeira menção de responsabilidade Celeste Canelas
225 2# - Colecção 
Título próprio da colecção Entreculturas
Indicação de volume 1
Nome de uma parte ou secção História e historial
210 ## - Publicação, Distribuição, etc. 
Lugar da edição, distribuição, etc. Lisboa
Nome do editor, distribuidor, etc. Sec. Coord. dos Programas de Educação Multicultural
Data da publicação, distribuição, etc. 1997
606 ## - Nome comum usado como assunto
Número de registo de entrada de autoridade 0001039
Palavra de ordem Literatura portuguesa juvenil
Subdivisão de assunto Crónicas
675 ## - Classificação Decimal Universal (CDU)
Notação 821.134.3-94
Edição
Língua da edição por
700 #1 - Nome de autor-pessoa física (responsabilidade principal)
Número de registo de entrada de autoridade 0001041
Palavra de ordem Canelas
Outra parte do nome não tomada para palavra de ordem Celeste
942 ## - Elementos de entrada adicionados (Koha)
Tipo de item no Koha Livro
Exemplares
Situação do levantamento Origin of item (home branch) (coded) Biblioteca de empréstimo Código de barras Cota Circulation type (not for loan) Tipo de documento Nota do exemplar Damaged status
  Biblioteca Escolar da Coca Maravilhas Biblioteca Escolar da Coca Maravilhas BECM3472/98 8POR CAN   Livro Sem mensagem  
  Biblioteca Escolar da Coca Maravilhas Biblioteca Escolar da Coca Maravilhas BECM8175/07 8POR CAN   Livro Sem mensagem